Pokémon de la première génération - Mort subite - Statistiques

Statistiques générales
  • Ce quiz a été pris 199 fois
  • Le résultat moyen est 9 sur 15
Answers on the Grid
Answers color-coded by a green-red scale on the quiz's grid according to % correct below.
Rhinoféros
Togepi
Mackogneur Gigamax
Chétiflor
Rattatac d'Alola
Voltali
Bouldeneu
Nidorino
Têtarte
Arcanin de Hisui
Marill
Palarticho
Mimitoss
Noadkoko
Libégon
Pikachu
Lamantine
Rafflesia
Qulbutoké
M. Mime de Galar
Onix
Méga-Kangourex
Mewtwo
Terracool
Roucoups
Feunard
Roigada
Excelangue
Lugulabre
Ho-Oh
 
Statistiques - réponses
Réponse % Correct
Rhinoféros
79%
Pikachu
72%
Voltali
71%
Nidorino
70%
Chétiflor
69%
Roucoups
65%
Mewtwo
63%
Onix
62%
Têtarte
62%
Feunard
59%
Mimitoss
55%
Excelangue
54%
Noadkoko
54%
Rafflesia
53%
Lamantine
52%
Aucun quiz correspondant
Distribution des résultats
% des personnes avec chaque résultat
Percentile par nombre de réponses
Votre historique - résultats
Vous n’avez pas pris ce quiz